| 000 | 01385nam a2200313 c 4500 | ||
|---|---|---|---|
| 999 |
_c186986 _d186986 |
||
| 003 | BLK | ||
| 005 | 20221026145051.0 | ||
| 008 | 180411b bul|||||r ||||||| ||bul|| | ||
| 010 | _aKNG00195990000 | ||
| 040 | _aBLK | ||
| 041 |
_aBUL _cBUL |
||
| 080 |
_aСъдържание и форми на работа в предучилищното възпитание и в основното образование. Учебни предмети и учебници за начални и основни училища. _b372 _x(075.81) _z372(075.81) |
||
| 100 | 1 |
_aПетрова, Елка _eпърви автор _gКътова, Елка Петрова _9374021 |
|
| 139 |
_aПетрова, Елка _bП 47 |
||
| 245 | 1 | 0 |
_aПредучилищна педагогика _bУчебник за студенти-педагози _cЕлка Петрова. |
| 257 | _aBGR | ||
| 260 |
_bНаука и изкуство _c1977 _aСофия |
||
| 300 |
_a351 с. _c21 см |
||
| 380 | _a3 | ||
| 504 | _aБиблиогр. с. 344-346. | ||
| 650 | 4 |
_aПредучилищно възпитание _9241578 |
|
| 653 | _aпредучилищно възпитание | ||
| 653 | _aдетски градини | ||
| 852 | _aЦб 84641 | ||
| 856 | 4 |
_qpdf _i0.00 _ldisable |
|
| 856 | 4 |
_qpdf _i0.00 _ldisable |
|
| 942 |
_cKNG _n0 _06 _s1 |
||
| 944 |
_aCR _c14.11.2016 _kНаталия_Любомирова |
||
| 944 |
_aED _c14.11.2016 _kНаталия_Любомирова |
||
| 999 | _d186986 | ||